000 00705 a2200205 4500
999 _c6674
_d6674
020 _a9781107639577
050 0 0 _aPE1625 CAM 2012
100 _aWaterhouse, Helen
_edevelopment editor
245 0 0 _aCambridge learner's dictionary /
_cHelen Waterhouse
250 _aFourth edition.
264 1 _aCambridge :
_bCambridge University Press,
_c2012.
300 _a872p. :
_billustrations (some color) ;
500 _aLearner's dictionary
650 0 _aEnglish language
650 0 _aEnglish language
700 _aBraham, Carol
_eeditorial contributor
700 _aWedgeworth, Laura
_eeditorial contributor
942 _2lcc
_cBK
_e4th ed.
_h1625
_iCAM
_kPE